LIBRARY & INFORMATION CENTRE, KCAET, TAVANUR

ONLINE PUBLIC ACCESS CATALOGUE (OPAC)

Life of Sir Walter Scott / (Record no. 6334)

MARC details
000 -LEADER
fixed length control field 00450cam a2200169ua 4500
041 ## - LANGUAGE CODE
Language code of text/sound track or separate title eng
082 ## - DEWEY DECIMAL CLASSIFICATION NUMBER
Classification number 928.3
Item number LOC/LI
100 ## - MAIN ENTRY--AUTHOR NAME
Personal name Lockhart, J G .
245 ## - TITLE STATEMENT
Title Life of Sir Walter Scott /
260 ## - PUBLICATION, DISTRIBUTION, ETC. (IMPRINT)
Place of publication London :
Name of publisher J M Dent and Sons Ltd ,
Year of publication 1957.
300 ## - PHYSICAL DESCRIPTION
Number of Pages 683 ; .
490 0# - SERIES STATEMENT
Series statement Everyman`s Library,
Volume number/sequential designation 39
942 ## - ADDED ENTRY ELEMENTS (KOHA)
Koha item type Books
Holdings
Withdrawn status Lost status Damaged status Home library Current library Date acquired Full call number Accession Number Koha item type
Withdrawn     KAUAET Sanskrit University 07/04/2012 928.3 4559 Books
free website counter